Score 0/18 Timer 05:00
3 Plays Today
% Correct
alienabductions.com
91.3%
sleepingtime.org
89.3%
sulabhtoiletmuseum.org
88.6%
pointerpointer.com
88.6%
7billionworld.com
86.1%
eelslap.com
85.8%
computerpowertest.com
85.1%
nooooooooooooooo.com
83.8%
anotherdayanotherword.com
83.6%
% Correct
studentology.net|tuesday
83.1%
afterlifetelegrams.com
82.2%
darwinawards.com
81.1%
despair.com
72.8%
procatinator.com
57.2%
rainbowpuke.com
56%
zombo.com
44.4%
snapbubbles.com
38.5%
beonlineb.com
33.4%
Remove Ads.
Support Sporcle.
Get the best of Sporcle when you Go Orange. This ad-free experience offers more features, more stats, and more fun while also helping to support Sporcle. Thank you for becoming a member.

You're not logged in!

Compare scores with friends on all Sporcle quizzes.
OR
Log In

Show Comments

Extras

Top Quizzes Today


Score Distribution

Your Account Isn't Verified!

In order to create a playlist on Sporcle, you need to verify the email address you used during registration. Go to your Sporcle Settings to finish the process.

Report this User

Report this user for behavior that violates our Community Guidelines.

Details: